000 00317nam a2200169Ia 4500
100 _aGMAT
650 _aGMAT
942 _cBK
366 _f25
654 _aGMAT
245 _aGMAT prep plus 2019
260 _bKaplan publishers
_c2018
082 _bGMAT
300 _a1169
546 _aENGLISH
999 _c21053
_d21053